[Event "Duisburg Grossenbaum op"]
[Site "Duisburg"]
[Date "2005.05.13"]
[Round "1"]
[White "Halfmann, Peter"]
[Black "Ritter, Uwe"]
[Result "0-1"]
[WhiteElo "1628"]
[BlackElo "2094"]
[PlyCount "50"]
[EventDate "2005.05.13"]
[EventType "swiss"]
[EventRounds "7"]
[EventCountry "GER"]
[SourceTitle "EXT 2006"]
[Source "ChessBase"]
[SourceDate "2005.11.24"]
[SourceVersion "1"]
[SourceVersionDate "2005.11.24"]
[SourceQuality "1"]

1. d4 Nf6 2. Bg5 Ne4 3. Bf4 c5 4. f3 Qa5+ 5. c3 Nf6 6. Nd2 cxd4 7. Nb3 Qb6 8. Qxd4 d5 9. Qxb6 axb6 10. g4 Nc6 11. Bc7 b5 12. Nd4 Nxd4 13. cxd4 e6 14. e3 Bd7 15. g5 Nh5 16. Be2 Rc8 17. Ba5 h6 18. f4 hxg5 19. fxg5 Ng3 20. hxg3 Rxh1 21. Kd2 b4 22. Bf3 Rh2+ 23. Ne2 Ra8 24. Bc7 b3 25. a3 Rf2 0-1

[Event "Rheinhausen op"]
[Site "Duisburg"]
[Date "2005.01.28"]
[Round "3"]
[White "Bluemer, Timo"]
[Black "Halfmann, Peter"]
[Result "1-0"]
[WhiteElo "1600"]
[BlackElo "1625"]
[PlyCount "77"]
[EventDate "2005.01.07"]
[EventType "swiss"]
[EventRounds "7"]
[EventCountry "GER"]
[SourceTitle "EXT 2006"]
[Source "ChessBase"]
[SourceDate "2005.11.24"]
[SourceVersion "1"]
[SourceVersionDate "2005.11.24"]
[SourceQuality "1"]

1. e4 c5 2. Nf3 d6 3. d4 cxd4 4. Nxd4 Nf6 5. Nc3 g6 6. Be3 Bg7 7. f3 0-0 8. Qd2 Nc6 9. 0-0-0 Be6 10. Nxe6 fxe6 11. Bc4 Qc8 12. Bb3 Na5 13. Kb1 Nxb3 14. cxb3 Qb8 15. Bh6 b5 16. h4 b4 17. Ne2 e5 18. g4 a5 19. h5 Qe8 20. Bxg7 Kxg7 21. hxg6 Qxg6 22. Ng3 Rf7 23. Rh6 Kf8 24. Rxg6 hxg6 25. Rh1 Ng8 26. Qe2 Kg7 27. Nf1 e6 28. a3 Rc7 29. Ne3 bxa3 30. bxa3 Rb8 31. Kb2 a4 32. b4 Rbc8 33. Qd2 Nf6 34. g5 Nh5 35. Qxd6 Kf7 36. Qxe5 Rd7 37. Rd1 Rxd1 38. Nxd1 Rd8 39. Kc2 1-0